000 00492nam a2200193 a 4500
001 1774865107790
003 YourLibrary
005 20260330153907.0
008 260330s2005##################000#0#eng##
020 _a9780198565895
082 0 4 _a362.1
_bMAR
100 1 _aMarmot, Michael,
_eauthor.
245 1 0 _aSocial Determinants of Health :
260 _bOUP Oxford,
_c2005.
300 _a376 pages
650 0 _aMedical.
942 _cENGLISH
040 _aYourLibrary
_beng
_cYourLibrary
999 _c618386
_d618386